Twentieth century french literature

Gardado en:
Detalles Bibliográficos
Autor Principal: Moore, Harry T.
Formato: Libro
Idioma:Undetermined
Publicado: New York, Estados Unidos Delta Book 1967
Materias:
Etiquetas: Engadir etiqueta
Sen Etiquetas, Sexa o primeiro en etiquetar este rexistro!

MARC

LEADER 00000nam a2200000Ia 4500
008 170316s9999 xx 000 0 und d
040 |a cru BVZT 
090 |a A-840 M-2t 
100 |a Moore, Harry T. 
245 |a Twentieth century french literature 
260 |a New York, Estados Unidos 
260 |b Delta Book 
260 |c 1967 
300 |a 182 páginas 
650 |a LITERATURA FRANCESA 
650 |a ANTOLOGÍA 
999 |c 12450  |d 12450 
942 |c 15 D  |h A-840 M-2t  |2 z